[Event "2. Bundesliga Ost 2013/2014"]
[Site "Wien"]
[Date "2014.03.23"]
[Round "11"]
[Board "3"]
[White "Wagner, Stefan"]
[Black "Bachofner, Andreas"]
[Result "1/2-1/2"]
[WhiteElo "2178"]
[BlackElo "2222"]
[PlyCount "104"]
[EventDate "2013.10.05"]
[EventType "team"]
[EventRounds "11"]
[EventCountry "AUT"]
[WhiteTeam "Zwettl"]
[BlackTeam "Blackburne Nickelsdorf"]

1. c4 f5 2. g3 Nf6 3. Bg2 e5 4. Nc3 Nc6 5. d3 d6 6. e4 g6 7. Nge2 Bg7 8. O-O
O-O 9. h3 Kh8 10. Be3 Be6 11. Nd5 Qd7 12. Kh2 Nd8 13. Qd2 c6 14. Nxf6 Bxf6 15.
exf5 gxf5 16. f4 Nf7 17. Rad1 d5 18. fxe5 Nxe5 19. b3 Bg7 20. Nd4 Bg8 21. Qf2
Ng6 22. Ne2 b6 23. Bd4 Rad8 24. Nf4 Nxf4 25. Qxf4 c5 26. Bxg7+ Qxg7 27. Rde1
dxc4 28. dxc4 Rd4 29. Qe3 Qf6 30. Rf4 Rfd8 31. Qe7 Qxe7 32. Rxe7 R8d7 33. Rxd7
Rxd7 34. Rxf5 Rd2 35. a4 Kg7 36. a5 Be6 37. Re5 Kf6 38. Re3 bxa5 39. g4 a4 40.
bxa4 Bxc4 41. Kg3 Ra2 42. Bc6 Be6 43. g5+ Kf7 44. Rc3 c4 45. Bb5 Kg6 46. Bxc4
Bxc4 47. Rxc4 Kxg5 48. Rc5+ Kg6 49. Ra5 Rb2 50. Rxa7 Rb3+ 51. Kg2 Rb2+ 52. Kg3
Rb3+ 1/2-1/2

[Event "2. Bundesliga Ost 2013/2014"]
[Site "Wien"]
[Date "2014.03.23"]
[Round "11"]
[Board "4"]
[White "Steinert, Martin"]
[Black "Vyskocil, Neklan"]
[Result "0-1"]
[WhiteElo "2095"]
[BlackElo "2376"]
[PlyCount "94"]
[EventDate "2013.10.05"]
[EventType "team"]
[EventRounds "11"]
[EventCountry "AUT"]
[WhiteTeam "Blackburne Nickelsdorf"]
[BlackTeam "Zwettl"]

1. Nf3 Nf6 2. c4 g6 3. b3 Bg7 4. Bb2 O-O 5. e3 c5 6. Be2 b6 7. d3 Bb7 8. Nbd2
d5 9. O-O Nc6 10. a3 Re8 11. Ra2 e5 12. cxd5 Nxd5 13. Qa1 Qe7 14. Rd1 Rad8 15.
Bf1 h6 16. Nc4 Kh7 17. d4 cxd4 18. exd4 e4 19. Nfe5 f6 20. Nxc6 Bxc6 21. Ne3
Nxe3 22. fxe3 Bd5 23. Bc4 Qe6 24. a4 Bxc4 25. bxc4 Qxc4 26. Ra3 Bf8 27. Rc3 Qd5
28. Ba3 Rd7 29. Bxf8 Rxf8 30. Qa3 Rff7 31. Rdc1 f5 32. g3 h5 33. Rc8 h4 34. Kg2
f4 35. gxf4 g5 36. Re8 gxf4 37. Rcc8 Qg5+ 38. Kh3 Qf5+ 39. Kxh4 Qf6+ 40. Kh3
Rd5 41. Rh8+ Qxh8 42. Rxh8+ Kxh8 43. exf4 Rd8 44. Qb3 Re7 45. Qb4 Rg7 46. d5
Rdg8 47. Qc3 e3 0-1

[Event "2. Bundesliga Ost 2013/2014"]
[Site "Wien"]
[Date "2014.03.23"]
[Round "11"]
[Board "5"]
[White "Buchnicek, Petr"]
[Black "Batyte, Daiva"]
[Result "1/2-1/2"]
[WhiteElo "2309"]
[BlackElo "2135"]
[PlyCount "113"]
[EventDate "2013.10.05"]
[EventType "team"]
[EventRounds "11"]
[EventCountry "AUT"]
[WhiteTeam "Zwettl"]
[BlackTeam "Blackburne Nickelsdorf"]

1. e4 e6 2. d4 d5 3. e5 c5 4. c3 Nc6 5. Nf3 Qb6 6. a3 c4 7. Nbd2 Na5 8. g3 Bd7
9. Bh3 Nb3 10. Nxb3 Ba4 11. Nfd2 Ne7 12. O-O cxb3 13. Nf3 Ng6 14. Be3 Rc8 15.
Rc1 Qa6 16. Re1 Be7 17. Bf1 Qa5 18. c4 O-O 19. Bd2 Qd8 20. Re3 dxc4 21. Rxc4
Qd7 22. Rec3 b5 23. Rxc8 Rxc8 24. Qc1 Rxc3 25. Qxc3 Bd8 26. Be3 Ne7 27. Nd2 Nd5
28. Qd3 b4 29. Nxb3 Bxb3 30. Qxb3 Nxe3 31. fxe3 bxa3 32. bxa3 Bb6 33. a4 g6 34.
Qc4 Kg7 35. Kf2 Qe7 36. Qb5 Qa3 37. Be2 Qa1 38. h4 h5 39. Bd3 Qc3 40. Be2 Qa1
41. Qb3 Qc1 42. Qd3 Ba5 43. Bd1 Qb2+ 44. Bc2 Bc3 45. Qe2 a5 46. Qd1 Qb4 47. Bd3
Qb2+ 48. Qe2 Bd2 49. Qd1 Bc3+ 50. Bc2 Qb4 51. Qb1 Qa3 52. Ke2 Bb2 53. Qd1 Bc3
54. Kf3 Qb4 55. Ke2 Qb7 56. Qf1 Qc6 57. Qf6+ 1/2-1/2

[Event "2. Bundesliga Ost 2013/2014"]
[Site "Wien"]
[Date "2014.03.23"]
[Round "11"]
[Board "6"]
[White "Bachofner, Christian"]
[Black "Groetz, Harald"]
[Result "1/2-1/2"]
[WhiteElo "2076"]
[BlackElo "2316"]
[PlyCount "90"]
[EventDate "2013.10.05"]
[EventType "team"]
[EventRounds "11"]
[EventCountry "AUT"]
[WhiteTeam "Blackburne Nickelsdorf"]
[BlackTeam "Zwettl"]

1. e4 c5 2. Nf3 e6 3. d4 cxd4 4. Nxd4 a6 5. Bd3 Bc5 6. Nb3 Be7 7. Nc3 d6 8. Be3
Nd7 9. O-O Ngf6 10. f4 Qc7 11. f5 Ne5 12. fxe6 fxe6 13. Kh1 b5 14. a4 b4 15.
Ne2 O-O 16. a5 Bd7 17. Nf4 Qb7 18. Nd2 Rac8 19. b3 Nxd3 20. cxd3 e5 21. Nh5 d5
22. Nxf6+ Bxf6 23. exd5 Qxd5 24. Nc4 Bc6 25. Ra2 Rcd8 26. Bb6 Rd7 27. Rd2 Re8
28. Qg4 Be7 29. Be3 Bc5 30. Bxc5 Qxc5 31. h3 Rde7 32. Re2 Bd5 33. Rfe1 Bf7 34.
d4 exd4 35. Rxe7 Rxe7 36. Rxe7 Qxe7 37. Qxd4 h6 38. Qf4 Qc5 39. Qb8+ Kh7 40.
Qb6 Qg5 41. Qxb4 Qc1+ 42. Kh2 Qf4+ 43. Kg1 Qc1+ 44. Kh2 Qf4+ 45. Kg1 Qc1+
 1/2-1/2

[Event "2. Bundesliga Ost 2013/2014"]
[Site "Wien"]
[Date "2014.03.23"]
[Round "11"]
[Board "1"]
[White "Penz, Harald"]
[Black "Schwarhofer, Christopher"]
[Result "1-0"]
[WhiteElo "2324"]
[BlackElo "2310"]
[PlyCount "49"]
[EventDate "2013.10.05"]
[EventType "team"]
[EventRounds "11"]
[EventCountry "AUT"]
[WhiteTeam "SG Hietzing/Ottakring"]
[BlackTeam "SGM Sparkasse Ternitz"]

1. e4 c5 2. c3 d5 3. exd5 Qxd5 4. d4 Nc6 5. Nf3 Bg4 6. Be2 cxd4 7. cxd4 e6 8.
Nc3 Qa5 9. h3 Bh5 10. d5 O-O-O 11. Bd2 exd5 12. O-O Nf6 13. Rc1 Bxf3 14. Bxf3
Qb6 15. Be3 Qxb2 16. Bxa7 Bb4 17. Bg4+ Nd7 18. Nxd5 Ba3 19. Rc2 Qb5 20. Nb6+
Kc7 21. Bxd7 Qa6 22. Nd5+ Kxd7 23. Nb4+ Kc8 24. Qg4+ f5 25. Qxf5+ 1-0

[Event "2. Bundesliga Ost 2013/2014"]
[Site "Wien"]
[Date "2014.03.23"]
[Round "11"]
[Board "2"]
[White "Danner, Georg"]
[Black "Menezes, Christoph"]
[Result "1-0"]
[WhiteElo "2316"]
[BlackElo "2263"]
[PlyCount "93"]
[EventDate "2013.10.05"]
[EventType "team"]
[EventRounds "11"]
[EventCountry "AUT"]
[WhiteTeam "SGM Sparkasse Ternitz"]
[BlackTeam "SG Hietzing/Ottakring"]

1. d4 Nf6 2. Nf3 e6 3. e3 b6 4. Bd3 Bb7 5. O-O c5 6. c4 Be7 7. Nc3 cxd4 8. exd4
d5 9. cxd5 Nxd5 10. Bb5+ Bc6 11. a4 a6 12. Bc4 Nxc3 13. bxc3 Nd7 14. Qe2 Bb7
15. Rd1 O-O 16. Bd3 Qc7 17. Bd2 Bd6 18. Re1 Bf4 19. Bxf4 Qxf4 20. Qe3 Qxe3 21.
fxe3 Rfc8 22. c4 a5 23. Nd2 Ra7 24. Ra3 Kf8 25. Rb1 Ba6 26. Kf2 Ke7 27. Rb2
Rcc7 28. h3 h6 29. g4 Ra8 30. Rab3 Rac8 31. Be2 Rf8 32. c5 Bxe2 33. cxb6 Nxb6
34. Rxb6 Bd1 35. Nb3 Bxb3 36. R2xb3 Rc4 37. Rb7+ Kf6 38. Ra3 Rd8 39. Ra7 e5 40.
dxe5+ Kxe5 41. Rxa5+ Ke4 42. Ra7 Rc2+ 43. Kg3 Rf8 44. Re7+ Kd5 45. a5 Kd6 46.
Rb7 Kc6 47. a6 1-0

[Event "2. Bundesliga Ost 2013/2014"]
[Site "Wien"]
[Date "2014.03.23"]
[Round "11"]
[Board "4"]
[White "Braun, Karl-Heinz"]
[Black "Steiner, Adam"]
[Result "0-1"]
[WhiteElo "2050"]
[BlackElo "2255"]
[PlyCount "72"]
[EventDate "2013.10.05"]
[EventType "team"]
[EventRounds "11"]
[EventCountry "AUT"]
[WhiteTeam "SGM Sparkasse Ternitz"]
[BlackTeam "SG Hietzing/Ottakring"]

1. c4 e5 2. Nc3 Nf6 3. g3 d5 4. Bg2 d4 5. Ne4 Nbd7 6. d3 Nxe4 7. Bxe4 Bb4+ 8.
Bd2 Bxd2+ 9. Qxd2 O-O 10. f4 c6 11. O-O-O Rb8 12. h4 Qe7 13. Nh3 f5 14. Bg2 Nf6
15. fxe5 Qxe5 16. Qf4 Qxf4+ 17. Nxf4 Ng4 18. Rde1 Bd7 19. Kb1 Rbe8 20. Bf3 Ne3
21. Rc1 Re5 22. a3 a5 23. b3 g6 24. Rh2 Kg7 25. Ka2 Be8 26. Kb2 Bf7 27. a4 h6
28. Ng2 g5 29. Nxe3 Rxe3 30. hxg5 hxg5 31. g4 Bg6 32. gxf5 Rxf5 33. Rg1 Ree5
34. Kc1 Rf4 35. Rgg2 Kf6 36. Kd2 Rh4 0-1

[Event "2. Bundesliga Ost 2013/2014"]
[Site "Wien"]
[Date "2014.03.23"]
[Round "11"]
[Board "5"]
[White "Janetschek, Karl"]
[Black "Ungerboeck, Guenter"]
[Result "1/2-1/2"]
[WhiteElo "2238"]
[BlackElo "2025"]
[PlyCount "182"]
[EventDate "2013.10.05"]
[EventType "team"]
[EventRounds "11"]
[EventCountry "AUT"]
[WhiteTeam "SG Hietzing/Ottakring"]
[BlackTeam "SGM Sparkasse Ternitz"]

1. e4 c5 2. Nf3 g6 3. d4 Bg7 4. d5 d6 5. h3 Nd7 6. c4 Ngf6 7. Nc3 O-O 8. Be2
Ne8 9. O-O Ne5 10. Nd2 f5 11. f4 Nf7 12. exf5 Bxf5 13. Nf3 Nf6 14. Bd3 Qd7 15.
Bxf5 Qxf5 16. Ng5 Qd7 17. Ne6 Rfc8 18. g4 Nd8 19. f5 gxf5 20. Nxg7 Kxg7 21.
gxf5 Nf7 22. Bf4 Rg8 23. Qd3 Kh8+ 24. Kh1 Rg7 25. Rg1 Rag8 26. Rxg7 Rxg7 27.
Rf1 Nh5 28. Bh2 Qe8 29. Ne4 Nf6 30. Re1 Nxe4 31. Rxe4 Qf8 32. Qc3 Kg8 33. f6
exf6 34. Qxf6 Rg6 35. Qf4 Ng5 36. Re3 Qxf4 37. Bxf4 Kf7 38. Rb3 b6 39. Bxg5
Rxg5 40. Ra3 Re5 41. Rxa7+ Kg6 42. b3 Re2 43. Rd7 Kf5 44. Kg1 Rxa2 45. Rxd6 Kf4
46. Kf1 b5 47. Rf6+ Ke4 48. Re6+ Kf3 49. cxb5 Rd2 50. b6 Rd1+ 51. Re1 Rxd5 52.
b7 Rd8 53. Rc1 Rb8 54. Rxc5 Rxb7 55. Rc3+ Ke4 56. Ke2 Rg7 57. Rc4+ Kd5 58. Rg4
Re7+ 59. Kd3 Kc5 60. h4 Rf7 61. Kc3 Rf3+ 62. Kb2 Rf7 63. Ka3 Ra7+ 64. Ra4 Rf7
65. Ra5+ Kb6 66. Re5 Rf4 67. Rh5 Rf7 68. Ka4 Re7 69. Rh6+ Kb7 70. Kb5 Re5+ 71.
Kc4 Re7 72. Kd5 Rd7+ 73. Rd6 Rg7 74. Rf6 Rg3 75. Rf7+ Kb6 76. Rxh7 Rxb3 77. h5
Rh3 78. Ke5 Kc6 79. Kf5 Kd6 80. Kg6 Ke6 81. Ra7 Rg3+ 82. Kh7 Kf6 83. h6 Rb3 84.
Rg7 Rb2 85. Rg3 Rb7+ 86. Rg7 Rb2 87. Rg6+ Kf7 88. Rg3 Kf6 89. Kh8 Rb1 90. h7
Kf7 91. Rf3+ Kg6 1/2-1/2

[Event "2. Bundesliga Ost 2013/2014"]
[Site "Wien"]
[Date "2014.03.23"]
[Round "11"]
[Board "6"]
[White "Mursteiner, Gerhard"]
[Black "Plank, Franz"]
[Result "0-1"]
[WhiteElo "1768"]
[BlackElo "2232"]
[PlyCount "80"]
[EventDate "2013.10.05"]
[EventType "team"]
[EventRounds "11"]
[EventCountry "AUT"]
[WhiteTeam "SGM Sparkasse Ternitz"]
[BlackTeam "SG Hietzing/Ottakring"]

1. d4 d5 2. c4 e6 3. Nf3 c6 4. e3 Nf6 5. Nbd2 Nbd7 6. Bd3 Be7 7. b3 b6 8. Bb2
Bb7 9. Rc1 O-O 10. O-O c5 11. Bb1 cxd4 12. exd4 Rc8 13. Re1 Bd6 14. Ne5 Qe7 15.
Re3 Rfd8 16. f4 Nf8 17. Qe2 Ba3 18. Ndf3 Bxb2 19. Qxb2 Nh5 20. f5 dxc4 21. bxc4
Bxf3 22. Nxf3 Qd6 23. Qb5 Nf6 24. Rce1 Qc6 25. Qxc6 Rxc6 26. Ne5 Rc7 27. Rd1
N6d7 28. Nxf7 Kxf7 29. fxe6+ Nxe6 30. Rf1+ Nf6 31. d5 Nf8 32. Bd3 Re7 33. Ref3
Re5 34. a4 Rde8 35. Kf2 Kg8 36. a5 N8d7 37. Bf5 Nc5 38. axb6 axb6 39. Rb1 Nfe4+
40. Bxe4 Nxe4+ 0-1

[Event "2. Bundesliga Ost 2013/2014"]
[Site "Wien"]
[Date "2014.03.23"]
[Round "11"]
[Board "1"]
[White "Kummer, Helmut"]
[Black "Lendwai, Reinhard"]
[Result "1/2-1/2"]
[WhiteElo "2331"]
[BlackElo "2379"]
[PlyCount "60"]
[EventDate "2013.10.05"]
[EventType "team"]
[EventRounds "11"]
[EventCountry "AUT"]
[WhiteTeam "Purbach"]
[BlackTeam "Raiffeisen Waehring"]

1. d4 Nf6 2. c4 e6 3. Nf3 Bb4+ 4. Bd2 Bxd2+ 5. Qxd2 O-O 6. Nc3 d5 7. e3 Qe7 8.
Bd3 Rd8 9. cxd5 exd5 10. O-O Nbd7 11. Rac1 c6 12. Rfd1 Nf8 13. Ne5 Ng4 14. Nxg4
Bxg4 15. Re1 Qg5 16. f4 Qh6 17. f5 f6 18. Qf2 Bh5 19. e4 dxe4 20. Bc4+ Bf7 21.
Bxf7+ Kxf7 22. Nxe4 Kg8 23. Rc3 Qh5 24. Nc5 Rd5 25. Nxb7 Rxf5 26. Qe2 Qxe2 27.
Rxe2 Rb8 28. Nd6 Rd5 29. Rxc6 Rxd4 30. Nf5 Rd7 1/2-1/2

[Event "2. Bundesliga Ost 2013/2014"]
[Site "Wien"]
[Date "2014.03.23"]
[Round "11"]
[Board "2"]
[White "Brustkern, Juergen"]
[Black "Wolfram, Bernd"]
[Result "1-0"]
[WhiteElo "2241"]
[BlackElo "2259"]
[PlyCount "95"]
[EventDate "2013.10.05"]
[EventType "team"]
[EventRounds "11"]
[EventCountry "AUT"]
[WhiteTeam "Raiffeisen Waehring"]
[BlackTeam "Purbach"]

1. e4 c5 2. Nf3 Nc6 3. c3 d5 4. exd5 Qxd5 5. d4 Bg4 6. Be2 cxd4 7. cxd4 e6 8.
Nc3 Qa5 9. h3 Bh5 10. d5 exd5 11. Nd4 Bxe2 12. Qxe2+ Be7 13. Nxc6 bxc6 14. O-O
Rd8 15. Re1 Rd7 16. Qg4 g6 17. b4 Qd8 18. Qd4 f6 19. Na4 Kf7 20. Bf4 Bd6 21.
Bxd6 Rxd6 22. Qxa7+ Qd7 23. Qd4 Ne7 24. Nc5 Nf5 25. Qf4 Qc7 26. g4 Ng7 27. Nb7
Rd7 28. Qxc7 Rxc7 29. Nd6+ Kf8 30. Rac1 Re7 31. Red1 Ne6 32. Rxc6 Nf4 33. Nc8
Rf7 34. Nb6 d4 35. Rc8+ Kg7 36. Rxh8 Kxh8 37. a4 Rb7 38. a5 d3 39. b5 Ne2+ 40.
Kf1 Nc3 41. a6 Ra7 42. Rxd3 Nxb5 43. Rd5 Nc3 44. Ra5 Kg7 45. f3 h5 46. Ke1 hxg4
47. hxg4 f5 48. g5 1-0

[Event "2. Bundesliga Ost 2013/2014"]
[Site "Wien"]
[Date "2014.03.23"]
[Round "11"]
[Board "3"]
[White "Wiedermann, Daniel"]
[Black "Juraczka, Franz"]
[Result "1/2-1/2"]
[WhiteElo "2164"]
[BlackElo "2240"]
[PlyCount "141"]
[EventDate "2013.10.05"]
[EventType "team"]
[EventRounds "11"]
[EventCountry "AUT"]
[WhiteTeam "Purbach"]
[BlackTeam "Raiffeisen Waehring"]

1. d4 Nf6 2. c4 e6 3. Nc3 Bb4 4. f3 d5 5. a3 Bxc3+ 6. bxc3 O-O 7. cxd5 exd5 8.
e3 Bf5 9. Ne2 Re8 10. Ng3 Bg6 11. Bd3 c5 12. O-O Qa5 13. Bxg6 hxg6 14. Qd3 Qa6
15. Qxa6 Nxa6 16. Ra2 Rac8 17. Re2 cxd4 18. cxd4 Rc4 19. Bb2 Nc7 20. Rd1 Nb5
21. Rd3 Nd6 22. Kf2 Rc6 23. Rd1 Rb6 24. Rd3 Nc4 25. Bc1 Rb1 26. Rc3 Nd6 27. Rb2
Ra1 28. Rbc2 Rb1 29. Rb2 Rxb2+ 30. Bxb2 Nc4 31. Bc1 b5 32. Ke2 Re6 33. Kd3 Kf8
34. h3 Ke8 35. e4 dxe4+ 36. fxe4 Nd7 37. d5 Rf6 38. Ke2 Nde5 39. Rb3 a6 40. Nf1
Rb6 41. Nd2 f5 42. Nxc4 Nxc4 43. Kd3 fxe4+ 44. Kxe4 Rf6 45. Bf4 Kd7 46. a4 Rb6
47. Kd4 bxa4 48. Rxb6 Nxb6 49. Kc5 Nc8 50. Be5 Ne7 51. Bxg7 Nf5 52. Be5 a3 53.
g4 Ne3 54. d6 a2 55. g5 Nf5 56. Kb6 Nxd6 57. Kxa6 Ke6 58. Ba1 Kf5 59. Ka5 Ne4
60. h4 Kg4 61. Kb4 Kxh4 62. Kb3 Kxg5 63. Kxa2 Kf4 64. Bg7 Nf2 65. Bh6+ Kf5 66.
Kb3 Ng4 67. Bf8 g5 68. Be7 Nf6 69. Kc2 g4 70. Kd3 Nd5 71. Bd6 1/2-1/2

[Event "2. Bundesliga Ost 2013/2014"]
[Site "Wien"]
[Date "2014.03.23"]
[Round "11"]
[Board "4"]
[White "Todor, Razvan"]
[Black "Hansen, Kay"]
[Result "0-1"]
[WhiteElo "2161"]
[BlackElo "2208"]
[PlyCount "64"]
[EventDate "2013.10.05"]
[EventType "team"]
[EventRounds "11"]
[EventCountry "AUT"]
[WhiteTeam "Raiffeisen Waehring"]
[BlackTeam "Purbach"]

1. c4 c5 2. Nc3 b6 3. e4 Nc6 4. d3 g6 5. g3 Bg7 6. Bg2 Bb7 7. Nge2 e6 8. Bf4 d6
9. Qd2 Nd4 10. O-O h5 11. Rab1 h4 12. Bg5 Bf6 13. Bxf6 Nxf6 14. Nxd4 cxd4 15.
Nb5 e5 16. Qb4 Ke7 17. f4 Ng4 18. fxe5 Nxe5 19. Qd2 hxg3 20. Qg5+ Kd7 21. Qxg3
Rh4 22. b4 Qh8 23. h3 f5 24. Nxd4 fxe4 25. Nb5 exd3 26. Bxb7 Rxh3 27. Qg2 Qh4
28. Rf7+ Nxf7 29. Qc6+ Ke7 30. Bxa8 Rg3+ 31. Kf1 Qf4+ 32. Ke1 Qe3+ 0-1

[Event "2. Bundesliga Ost 2013/2014"]
[Site "Wien"]
[Date "2014.03.23"]
[Round "11"]
[Board "5"]
[White "Heiny, Michael"]
[Black "Lovrinovic, Christian"]
[Result "1/2-1/2"]
[WhiteElo "2084"]
[BlackElo "2140"]
[PlyCount "116"]
[EventDate "2013.10.05"]
[EventType "team"]
[EventRounds "11"]
[EventCountry "AUT"]
[WhiteTeam "Purbach"]
[BlackTeam "Raiffeisen Waehring"]

1. d4 Nf6 2. Nf3 g6 3. g3 Bg7 4. Bg2 O-O 5. O-O d6 6. c4 a6 7. Nc3 Nc6 8. e4
Rb8 9. Be3 Ng4 10. Bg5 h6 11. Bc1 Na5 12. h3 Nf6 13. Qe2 b5 14. cxb5 axb5 15.
e5 Ne8 16. Rd1 d5 17. b3 c6 18. Be3 Nc7 19. Qd2 Kh7 20. Ne2 b4 21. Nf4 Ba6 22.
Nd3 Bxd3 23. Qxd3 e6 24. Bf1 Qd7 25. Qc2 Rb7 26. Ne1 Ra8 27. f4 Nb5 28. Bxb5
Rxb5 29. Nd3 Nb7 30. Rdc1 Ra6 31. Qf2 Bf8 32. Rc2 Nd8 33. g4 Be7 34. Nb2 Rba5
35. Na4 Nb7 36. Rf1 Kg7 37. f5 exf5 38. gxf5 Qxf5 39. Qxf5 gxf5 40. Rxf5 Kg6
41. Rf3 Nd8 42. Rg2+ Kh7 43. Rf5 Ra7 44. Rh5 Bf8 45. Rg4 Rxa4 46. bxa4 Rxa4 47.
Rg2 Ra3 48. Bc1 Rd3 49. Bb2 Be7 50. Kh2 Ne6 51. Bc1 Bf8 52. Rf5 Nd8 53. Rf4 Be7
54. Rfg4 Ne6 55. Rf2 Nd8 56. Rfg2 Ne6 57. Rf2 Nd8 58. Rfg2 Ne6 1/2-1/2

[Event "2. Bundesliga Ost 2013/2014"]
[Site "Wien"]
[Date "2014.03.23"]
[Round "11"]
[Board "6"]
[White "Dragnev, Valentin"]
[Black "Zimmermann, Heinz"]
[Result "1-0"]
[WhiteElo "2037"]
[BlackElo "2171"]
[PlyCount "33"]
[EventDate "2013.10.05"]
[EventType "team"]
[EventRounds "11"]
[EventCountry "AUT"]
[WhiteTeam "Raiffeisen Waehring"]
[BlackTeam "Purbach"]

1. e4 g6 2. d4 Bg7 3. Nc3 d6 4. f4 Nd7 5. Nf3 e6 6. Be3 Ne7 7. Qd2 b6 8. Bd3
Bb7 9. O-O a6 10. f5 exf5 11. exf5 O-O 12. Bh6 Nf6 13. Bxg7 Kxg7 14. fxg6 Bxf3
15. gxf7 Bh5 16. Rxf6 Rxf7 17. Qh6+ 1-0

[Event "2. Bundesliga Ost 2013/2014"]
[Site "Wien"]
[Date "2014.03.23"]
[Round "11"]
[Board "1"]
[White "Petran, Peter"]
[Black "Lipka, Juraj"]
[Result "1/2-1/2"]
[WhiteElo "2320"]
[BlackElo "2419"]
[PlyCount "60"]
[EventDate "2013.10.05"]
[EventType "team"]
[EventRounds "11"]
[EventCountry "AUT"]
[WhiteTeam "ASVOE Mattersburg"]
[BlackTeam "ASVOE Pamhagen"]

1. c4 e6 2. Nf3 Nf6 3. b3 d5 4. Bb2 Be7 5. e3 O-O 6. Be2 b6 7. Nc3 Bb7 8. O-O
Nbd7 9. d4 c5 10. cxd5 Nxd5 11. Nxd5 Bxd5 12. Rc1 Rc8 13. Ba6 Rc7 14. Qe2 Qa8
15. Rfd1 Bb7 16. Bxb7 Qxb7 17. dxc5 Nxc5 18. Be5 Rcc8 19. Rc2 Nd7 20. Bb2 Bf6
21. Bxf6 Nxf6 22. Rdc1 Nd5 23. a3 h6 24. h3 Rfd8 25. b4 a6 26. Ne5 Ne7 27. Rxc8
Rxc8 28. Rxc8+ Qxc8 29. Qc4 Qxc4 30. Nxc4 Nc8 1/2-1/2

[Event "2. Bundesliga Ost 2013/2014"]
[Site "Wien"]
[Date "2014.03.23"]
[Round "11"]
[Board "2"]
[White "Kochetkova, Julia"]
[Black "Wiedner, Robert"]
[Result "1-0"]
[WhiteElo "2354"]
[BlackElo "2140"]
[PlyCount "55"]
[EventDate "2013.10.05"]
[EventType "team"]
[EventRounds "11"]
[EventCountry "AUT"]
[WhiteTeam "ASVOE Pamhagen"]
[BlackTeam "ASVOE Mattersburg"]

1. e4 c5 2. Nf3 d6 3. Bb5+ Nc6 4. d4 cxd4 5. Qxd4 Bg4 6. Qd3 Bd7 7. Nc3 Nf6 8.
Bg5 Ng4 9. Bxc6 bxc6 10. h3 Nf6 11. e5 dxe5 12. Nxe5 Nd5 13. O-O-O f6 14. Nxd5
cxd5 15. Ng6 Rg8 16. Nf4 Rh8 17. Rhe1 Qa5 18. Nxd5 Bc6 19. Bf4 e5 20. Bxe5
O-O-O 21. Qc4 Kb7 22. Bc3 Qc5 23. Qb3+ Kc8 24. Nb4 Bd6 25. Nxc6 Qxc6 26. Bd4
Rd7 27. g3 Rhd8 28. Qc3 1-0

[Event "2. Bundesliga Ost 2013/2014"]
[Site "Wien"]
[Date "2014.03.23"]
[Round "11"]
[Board "3"]
[White "Salamon, Werner"]
[Black "Vitouch, Anatol"]
[Result "1/2-1/2"]
[WhiteElo "2122"]
[BlackElo "2270"]
[PlyCount "63"]
[EventDate "2013.10.05"]
[EventType "team"]
[EventRounds "11"]
[EventCountry "AUT"]
[WhiteTeam "ASVOE Mattersburg"]
[BlackTeam "ASVOE Pamhagen"]

1. e4 d6 2. d4 Nf6 3. Nc3 e5 4. dxe5 dxe5 5. Qxd8+ Kxd8 6. Bg5 c6 7. Bc4 Ke8 8.
Nge2 Nbd7 9. Ng3 h6 10. Bd2 Nc5 11. a4 Be6 12. Bxe6 Nxe6 13. Nce2 a5 14. Bc3
Bb4 15. O-O-O Bxc3 16. Nxc3 g6 17. f3 Ke7 18. Nf1 Nd4 19. Ne3 Nd7 20. Rd2 Nb6
21. Rhd1 h5 22. b3 Rad8 23. Ne2 Nxe2+ 24. Rxe2 Rxd1+ 25. Kxd1 Ke6 26. Rd2 f5
27. Ke2 Rf8 28. g3 h4 29. exf5+ gxf5 30. g4 fxg4 31. fxg4 h3 32. Nf5 1/2-1/2

[Event "2. Bundesliga Ost 2013/2014"]
[Site "Wien"]
[Date "2014.03.23"]
[Round "11"]
[Board "4"]
[White "Bezuch, Martin"]
[Black "Strodl, Joachim"]
[Result "1/2-1/2"]
[WhiteElo "2295"]
[BlackElo "2074"]
[PlyCount "109"]
[EventDate "2013.10.05"]
[EventType "team"]
[EventRounds "11"]
[EventCountry "AUT"]
[WhiteTeam "ASVOE Pamhagen"]
[BlackTeam "ASVOE Mattersburg"]

1. Nf3 g6 2. g3 Bg7 3. Bg2 Nf6 4. O-O O-O 5. d3 d6 6. e4 c5 7. Re1 e5 8. c3 Bg4
9. h3 Bxf3 10. Qxf3 Nbd7 11. Na3 a6 12. Bg5 Qc7 13. Rac1 h6 14. Be3 b5 15. Qe2
Rab8 16. f4 Nh5 17. f5 b4 18. Nc4 bxc3 19. Rxc3 Kh7 20. Kh2 Rb5 21. Ra3 Ra8 22.
h4 Qb8 23. Rc1 Ra7 24. Rc2 Ndf6 25. Qf3 Ne8 26. Kh1 Qd8 27. Bc1 Nc7 28. Bh3 Rb4
29. Be3 Nb5 30. Rb3 Rxb3 31. axb3 Rb7 32. fxg6+ fxg6 33. Bf5 Qf6 34. Qxh5 gxf5
35. Rf2 f4 36. gxf4 exf4 37. Rxf4 Qe6 38. Qf5+ Qxf5 39. Rxf5 Nd4 40. Rd5 Rxb3
41. Rxd6 Rxd3 42. Rxa6 Nf3 43. Bxc5 Rd1+ 44. Kg2 Nxh4+ 45. Kg3 Rc1 46. Ra4 Ng6
47. Ba3 h5 48. Ne3 Be5+ 49. Kf2 h4 50. Ra7+ Kh6 51. b3 Bg3+ 52. Kg2 Rc3 53.
Nf5+ Kg5 54. Nxg3 Rxg3+ 55. Kh2 1/2-1/2

[Event "2. Bundesliga Ost 2013/2014"]
[Site "Wien"]
[Date "2014.03.23"]
[Round "11"]
[Board "5"]
[White "Ganauser, Eduard"]
[Black "Kuthan, Andreas"]
[Result "1/2-1/2"]
[WhiteElo "2005"]
[BlackElo "2221"]
[PlyCount "46"]
[EventDate "2013.10.05"]
[EventType "team"]
[EventRounds "11"]
[EventCountry "AUT"]
[WhiteTeam "ASVOE Mattersburg"]
[BlackTeam "ASVOE Pamhagen"]

1. d4 Nf6 2. Nf3 g6 3. c4 Bg7 4. g3 O-O 5. Bg2 d6 6. O-O Nbd7 7. b3 e5 8. dxe5
dxe5 9. Nc3 Re8 10. Bg5 h6 11. Bd2 Nc5 12. Ne1 a5 13. Nc2 c6 14. Be3 Qe7 15.
Bxc5 Qxc5 16. Na4 Qa7 17. Ne3 Be6 18. Qc2 Rad8 19. Rad1 Rd4 20. Qc1 Nd7 21. Nc2
Rxd1 22. Rxd1 Bf8 23. Ne1 Qb8 1/2-1/2

[Event "2. Bundesliga Ost 2013/2014"]
[Site "Wien"]
[Date "2014.03.23"]
[Round "11"]
[Board "6"]
[White "Hapala, Lisa"]
[Black "Plank, Reinhard"]
[Result "1-0"]
[WhiteElo "2018"]
[BlackElo "1918"]
[PlyCount "111"]
[EventDate "2013.10.05"]
[EventType "team"]
[EventRounds "11"]
[EventCountry "AUT"]
[WhiteTeam "ASVOE Pamhagen"]
[BlackTeam "ASVOE Mattersburg"]

1. e4 c6 2. d4 d5 3. Nc3 dxe4 4. Nxe4 Bf5 5. Ng3 Bg6 6. Nf3 Nd7 7. h4 h6 8. h5
Bh7 9. Bd3 Bxd3 10. Qxd3 Qc7 11. Bd2 e6 12. O-O-O Ngf6 13. Ne4 Be7 14. Nxf6+
Bxf6 15. Kb1 O-O-O 16. Qe4 Rhe8 17. Bf4 Qa5 18. Ne5 Bxe5 19. dxe5 f6 20. exf6
Nxf6 21. Rxd8+ Kxd8 22. Qd4+ Ke7 23. Bd6+ Kf7 24. Bb4 Qd5 25. Qxa7 Rd8 26. a3
Qxg2 27. Re1 Qd5 28. Qxb7+ Rd7 29. Qc8 Ne8 30. Qb8 Qxh5 31. Qf4+ Qf5 32. Qg3
Qh5 33. f3 Rd5 34. Qf2 c5 35. Bc3 Rf5 36. Qe3 Nc7 37. f4 Rd5 38. Rg1 Rd1+ 39.
Rxd1 Qxd1+ 40. Qc1 Qxc1+ 41. Kxc1 Nd5 42. Be5 g6 43. Kd2 Ke7 44. c4 Nb6 45. Kd3
h5 46. b4 cxb4 47. axb4 h4 48. Bd4 h3 49. Bg1 Kd7 50. b5 Kc7 51. Bh2 Kd7 52.
Kd4 Na4 53. c5 Nb2 54. c6+ Kc8 55. b6 e5+ 56. fxe5 1-0